Loading...
| Current Events | 1 | 30.00 | 100% | 100% | 100% |
| Fine Arts - Auditory Fine Arts | 3 | 10.00 | 100% | 0% | 0% |
| Fine Arts - Other Fine Arts | 6 | 13.33 | 100% | 17% | 17% |
| Fine Arts - Visual Fine Arts | 4 | 10.00 | 100% | 0% | 0% |
| History - American History | 1 | 10.00 | 100% | 0% | 0% |
| History - European History | 1 | 10.00 | 100% | 0% | 0% |
| History - Other History | 4 | 12.50 | 100% | 25% | 0% |
| History - World History | 4 | 12.50 | 100% | 25% | 0% |
| Literature - American Literature | 2 | 10.00 | 100% | 0% | 0% |
| Literature - British Literature | 4 | 10.00 | 75% | 25% | 0% |
| Literature - European Literature | 3 | 10.00 | 100% | 0% | 0% |
| Literature - World Literature | 4 | 12.50 | 100% | 25% | 0% |
| Mythology | 1 | 10.00 | 100% | 0% | 0% |
| Philosophy | 3 | 6.67 | 67% | 0% | 0% |
| Pop Culture | 2 | 10.00 | 50% | 0% | 50% |
| Religion | 3 | 6.67 | 67% | 0% | 0% |
| Science - Biology | 3 | 10.00 | 100% | 0% | 0% |
| Science - Chemistry | 2 | 15.00 | 100% | 50% | 0% |
| Science - Other Science | 4 | 15.00 | 100% | 50% | 0% |
| Science - Physics | 3 | 13.33 | 100% | 33% | 0% |
| Social Science | 1 | 10.00 | 100% | 0% | 0% |